Ocean waves and oscillating systems : (Record no. 27163)

000 -LEADER
fixed length control field 01949nam a2200289 i 4500
006 - FIXED-LENGTH DATA ELEMENTS--ADDITIONAL MATERIAL CHARACTERISTICS--GENERAL INFORMATION
fixed length control field m|||||o||d||||||||
007 - PHYSICAL DESCRIPTION FIXED FIELD--GENERAL INFORMATION
fixed length control field cr||||||||||||
008 - FIXED-LENGTH DATA ELEMENTS--GENERAL INFORMATION
fixed length control field 180814s2020||||enk o ||1 0|eng|d
020 ## - INTERNATIONAL STANDARD BOOK NUMBER
International Standard Book Number 9781108674812 (ebook)
Qualifying information (R) Online Resource
040 ## - CATALOGING SOURCE
Original cataloging agency UkCbUP
Language of cataloging eng
Description conventions rda
082 00 - DEWEY DECIMAL CLASSIFICATION NUMBER
Classification number 551.46/3
Edition number 23
100 1# - MAIN ENTRY--PERSONAL NAME
Personal name Falnes, Johannes,
Dates associated with a name 1931-
245 10 - TITLE STATEMENT
Title Ocean waves and oscillating systems :
Remainder of title linear interactions including wave-energy extraction /
250 ## - EDITION STATEMENT
Edition statement Second edition.
260 ## - PUBLICATION, DISTRIBUTION, ETC. (IMPRINT)
Place of publication, distribution, etc London
Name of publisher, distributor, etc Cambridge University Press
Date of publication, distribution, etc 2020
300 ## - PHYSICAL DESCRIPTION
Extent 1 online resource (ix, 307 pages) :
Other physical details digital, PDF file(s).
490 1# - SERIES STATEMENT
Series statement Cambridge ocean technology series
500 ## - GENERAL NOTE
General note Title from publisher's bibliographic system (viewed on 12 May 2020).
520 ## - SUMMARY, ETC.
Summary, etc Understand the interaction between ocean waves and oscillating systems with this useful new edition. With a focus on linear analysis of low-amplitude waves, you are provided with a thorough understanding of wave interactions, presented to be easily accessible to non-specialist readers. Topics covered include the background mathematics of oscillations, gravity waves on water, the dynamics of wave-body interactions, and the absorption of wave energy by oscillating bodies and oscillating water columns. Featuring new content throughout, including three new chapters on oscillating-body wave energy converters, oscillating water columns and other types of wave energy converters, and wave energy converter arrays, this book is an excellent resource for students, researchers, and engineers who are new to the subject of wave energy conversion, as well as those with more experience.
650 #0 - SUBJECT ADDED ENTRY--TOPICAL TERM
Topical term or geographic name as entry element Ocean waves.
Topical term or geographic name as entry element Ocean wave power.
700 1# - ADDED ENTRY--PERSONAL NAME
Personal name Kurniawan, Adi,
Relator term author.
776 08 - ADDITIONAL PHYSICAL FORM ENTRY
Display text Print version:
International Standard Book Number 9781108481663
830 #0 - SERIES ADDED ENTRY--UNIFORM TITLE
Uniform title Cambridge ocean technology series.
856 40 - ELECTRONIC LOCATION AND ACCESS
Uniform Resource Identifier <a href="https://doi.org/10.1017/9781108674812">https://doi.org/10.1017/9781108674812</a>
942 ## - ADDED ENTRY ELEMENTS (KOHA)
Source of classification or shelving scheme
Item type E-Book

No items available.

Designed and Maintained by IMU-KC Library, Kolkata Campus © Copyright All Rights Reserved

webs counters

Powered by Koha